000 03934nmm a2200301 a 4500
003 CO-CtgCURN
005 20250507154400.0
008 241202s2024 xx f 000 0 und d
040 _aCO-CtgCURN
_bspa
_ccoctgcurn
082 _aDER 2024
_bA748c
100 _aArnedo Gonzalez, Yuleisis Milena
_eautora
245 0 _aLos cambios en la ley de justicia y paz con la entrada en vigencia de proceso de paz FARC-EP /
_h[electronic resource] /
_cYuleisis Milena Arnedo González; Carlos Andrés López De Hoyos; Daniel Antonio Narváez Ortiz; asesor., Helmer David Agualimpia Romero
260 _aBarranquilla, Atlántico :
_bCorporación Universitaria Rafael Núñez,
_c2024
300 _a1 recurso en línea (38 páginas (PDF)) :
_bgráficas
502 _aTrabajo de Grado (Abogado). Corporación Universitaria Rafael Núñez. Facultad de Ciencias Sociales y Humanas. Programa de Derecho, 2024
504 _aIncluye referencias bibliográficas
520 _aLa investigación explora cómo los cambios introducidos por la Ley 1592 de 2012 han afectado la experiencia y satisfacción de las víctimas en relación con su acceso a la verdad, justicia y reparación. Esta ley modificó aspectos clave de la Ley de Justicia y Paz, incorporando enfoques como el análisis de macro-criminalidad y promoviendo una mayor integración con programas de reparación. El objetivo del estudio es evaluar si estas reformas han mejorado la participación de las víctimas en los procesos de justicia transicional y su percepción respecto a los resultados obtenidos. El estudio adopta un enfoque cuantitativo, utilizando encuestas estructuradas como herramienta principal para recopilar datos sobre la percepción de las víctimas. Estas encuestas indagan en temas específicos relacionados con los cambios introducidos por la Ley 1592, incluyendo su experiencia con la rapidez de los procesos judiciales, el acceso a compensaciones y la integración entre el proceso penal y los programas de reparación. Los datos fueron analizados utilizando tablas de frecuencia, lo que permitió identificar tendencias y evaluar la satisfacción general de las víctimas con los cambios legislativos. Los resultados más relevantes revelan una percepción mixta entre las víctimas. En términos de celeridad, la mayoría de los encuestados no percibió mejoras significativas, y un porcentaje considerable indicó que los procesos incluso se volvieron más lentos. Esto sugiere que, a pesar de los esfuerzos por agilizar los procedimientos, la implementación de la Ley 1592 no cumplió con las expectativas de muchas víctimas en cuanto a la rapidez y eficiencia del sistema judicial. Otro aspecto destacado es la integración del proceso penalcon los programas de reparación establecidos en la Ley 1448 de 2011. Aunque un grupo de víctimas consideró que esta integración facilitó en cierta medida el acceso a compensaciones, la mayoría aún enfrenta obstáculos importantes para obtener reparaciones efectivas, lo que contribuye a una insatisfacción persistente en relación con las medidas de reparación. El estudio señalan que, aunque la Ley 1592 introdujo cambios con el propósito de mejorar la justicia transicional en Colombia, la percepción de las víctimas indica que estos no han sido suficientes para satisfacer sus expectativas.
521 _aAREA PROFESIONAL
590 _aPrograma de Derecho_18
650 _aDerecho
_vTesis y disertaciones académicas
650 _aLey de justicia y paz
700 _aAgualimpia Romero, Helmer David
_easesor
700 _aLópez De Hoyos, Carlos Andrés
_eautor
700 _aNarváez Ortiz, Daniel Antonio
_eautor
856 _yConsulte aquí el texto completo
_uhttps://unicurn.sharepoint.com/:b:/s/biblioteca/EUHQmferaVRDvEynNkCdnJwBs7F82HTgUp50oqpIM4cSKg?e=erAnrp
942 _cTG
_hDER 2024
_2ddc
_n0
999 _c26787
_d26787